Cuestiones y problemas de Macroeconomía (Registro nro. 4318)
[ vista simple ]
| 000 -LEADER | |
|---|---|
| fixed length control field | 01727 a2200265 4500 |
| 001 - CONTROL NUMBER | |
| control field | 47206 |
| 005 - DATE AND TIME OF LATEST TRANSACTION | |
| control field | 20260407155740.0 |
| 008 - FIXED-LENGTH DATA ELEMENTS--GENERAL INFORMATION | |
| fixed length control field | 260407a1996 arg spa d |
| 003 - CONTROL NUMBER IDENTIFIER | |
| control field | AR-UNSa-BCEJYS |
| 040 ## - CATALOGING SOURCE | |
| Original cataloging agency | AR-UNSa-BCEJYS |
| Language of cataloging | spa |
| Transcribing agency | AR-UNSa-BCEJYS |
| 080 ## - UNIVERSAL DECIMAL CLASSIFICATION NUMBER | |
| Universal Decimal Classification number | 330.101.541 |
| Common auxiliary subdivision | Macroeconomía |
| 020 ## - INTERNATIONAL STANDARD BOOK NUMBER | |
| International Standard Book Number | 84-481-0268-1 |
| 100 1# - MAIN ENTRY--PERSONAL NAME | |
| Personal name | Gamez Amian, Consuelo |
| 245 10 - TITLE STATEMENT | |
| Title | Cuestiones y problemas de Macroeconomía |
| 264 #1 - PRODUCTION, PUBLICATION, DISTRIBUTION, MANUFACTURE, AND COPYRIGHT NOTICE | |
| Place of production, publication, distribution, manufacture | Madrid : |
| Name of producer, publisher, distributor, manufacturer | McGraw-Hill |
| Date of production, publication, distribution, manufacture, or copyright notice | 1996 |
| 300 ## - PHYSICAL DESCRIPTION | |
| Extent | 341 p. |
| Dimensions | 24 cm. |
| 505 ## - FORMATTED CONTENTS NOTE | |
| Formatted contents note | Parte I: La economía española como marco de referencia: 1. Evolución reciente de las principales magnitudes macroeconómicas (I) - 2. Evolución reciente de las principales magnitudes macroeconómicas (II) - Parte II: Ejercicios y cuestiones de los principales temas macroeconómicos: 3. Mercado de trabajo competitivo y desempleo - 4. El sector del gasto: La demanda de bienes y servicios - 5. Mercado de dinero y política monetaria - 6. Mercado de divisas y tipo de cambio - 7. Demanda agregada en una economía abierta (I) - 8. Demanda agregada en una economía abierta (II). El modelo IS-LM-BP con movilidad imperfecta y perfecta del capital - 9. Oferta agregada (I). Desempleo de equilibrio y políticas - 10. Oferta agregada (II). Desempleo de equilibrio, competitividad y políticas - 11. Fluctuaciones cíclicas y políticas de estabilización: especial énfasis en la política fiscal - |
| 590 ## - LOCAL NOTE (RLIN) | |
| Local note | niveau_biblio:m niveau_hierar:0 |
| 700 1# - ADDED ENTRY--PERSONAL NAME | |
| Personal name | Mochón Morcillo, Francisco |
| 700 1# - ADDED ENTRY--PERSONAL NAME | |
| Personal name | Grana, J. Francisco |
| 700 1# - ADDED ENTRY--PERSONAL NAME | |
| Personal name | García- Alarcón, Borja |
| 700 1# - ADDED ENTRY--PERSONAL NAME | |
| Personal name | Torres, José Luis |
| 856 41 - ELECTRONIC LOCATION AND ACCESS | |
| Uniform Resource Identifier | <a href="https://www.biblioeco.unsa.edu.ar/pmb/images/libros/L127433.jpg">https://www.biblioeco.unsa.edu.ar/pmb/images/libros/L127433.jpg</a> |
| Link text | Imagen de portada |
| Electronic format type | image/jpeg |
| 942 ## - ADDED ENTRY ELEMENTS (KOHA) | |
| Koha item type | |
| Withdrawn status | Lost status | Damaged status | Not for loan | Home library | Current library | Shelving location | Date acquired | Total checkouts | Full call number | Barcode | Date last seen | Price effective from | Koha item type |
|---|---|---|---|---|---|---|---|---|---|---|---|---|---|
| Biblioteca Prof. Eusebio Cleto del Rey | Biblioteca Prof. Eusebio Cleto del Rey | 07/04/2026 | 330.101.541 G184 | L127433 | 07/04/2026 | 07/04/2026 | Libro |